000 00836nam a2200277 i 4500
001 8917
003 ES-MaACL
005 20250827222020.0
007 t|
008 921112s1991 sp ||||1| spa d
020 _a84-7658-308-7
080 _a17:575/77
080 _a575/77:17
100 1 _aHottois, Gilbert.
_964311
245 1 3 _aEl Paradigma bioético
_b: una ética para la tecnociencia /
_cGilbert Hottois.
250 _a[1ª ed.].
260 _aBarcelona :
_bAnthropos ;
_aLeioa :
_bUniversidad del Pais Vasco,
_c1991.
300 _a208 p. ;
_c20 cm.
490 1 _aNueva ciencia ;
_v8
504 _aBibliogr.: p. 199-202.
650 4 _aBioética.
_910569
710 2 _aUniversidad del País Vasco
_97367
830 0 _aNueva ciencia ;
_v8
_9177424
852 _aES-MaACL
_jL-16278
_bR.119884
999 _c8917
_d8917